000 00416nam a2200157Ia 4500
005 20250303135159.0
008 231217s9999 xx 000 0 und d
020 _a9780198061816
082 _a658.5 BAL;1 R
100 _aBali, Parvinder S.
245 0 _aFood production operations
260 _c2009
_bOxford University
_aNew Delhi
300 _axiv, 588
650 _aFood,production,operations
942 _cAA
999 _c198346
_d198346